[Event "3rd HMC Calder Elite 2014"]
[Site "Rosmalen NED"]
[Date "2014.06.28"]
[Round "1.1"]
[White "Kasimdzhanov, Rustam"]
[Black "Fridman, Daniel"]
[Result "1/2-1/2"]
[WhiteTitle "GM"]
[BlackTitle "GM"]
[WhiteElo "2700"]
[BlackElo "2627"]
[WhiteFideId "14200244"]
[BlackFideId "11600454"]
[EventDate "2014.06.28"]

1. e4 e5 2. Nf3 Nf6 3. d3 Nc6 4. c3 g6 5. b4 a6 6. Nbd2 Bg7 7. Be2 O-O 8. O-O d6
9. Bb2 h6 10. a3 Nh7 11. d4 f5 12. dxe5 Nxe5 13. Nxe5 Bxe5 14. Nf3 Bg7 15. exf5
gxf5 16. Qb3+ Kh8 17. c4 Bxb2 18. Qxb2+ Qf6 19. Qxf6+ Nxf6 20. Bd3 Bd7 21. Nh4
Rfe8 22. Nxf5 Bxf5 23. Bxf5 a5 24. Bd3 Ng4 25. Rfd1 Kg7 26. h3 Ne5 27. Bf1 axb4
28. axb4 Nc6 29. Rxa8 Rxa8 30. b5 Ne5 31. b6 Nf7 32. bxc7 Rc8 33. f4 Rxc7 34.
Kf2 Kf6 35. g4 Rc5 36. h4 Ra5 37. Ke3 Ra3+ 38. Bd3 Ke6 39. Kd4 Nd8 40. Re1+ Kf7
41. g5 Ne6+ 42. Rxe6 Kxe6 43. gxh6 Ra5 44. Bg6 Kf6 45. h5 b5 46. h7 Kg7 47. f5
bxc4 48. f6+ Kh8 49. Kxc4 Ra4+ 50. Kd5 Rf4 51. Ke6 Rxf6+ 1/2-1/2

[Event "3rd HMC Calder Elite 2014"]
[Site "Rosmalen NED"]
[Date "2014.06.28"]
[Round "2.2"]
[White "Kasimdzhanov, Rustam"]
[Black "Bok, Benjamin"]
[Result "1/2-1/2"]
[WhiteTitle "GM"]
[BlackTitle "GM"]
[WhiteElo "2700"]
[BlackElo "2591"]
[WhiteFideId "14200244"]
[BlackFideId "1017063"]
[EventDate "2014.06.28"]

1. e4 e5 2. Nf3 Nc6 3. Bb5 Nf6 4. d3 Bc5 5. c3 O-O 6. O-O d6 7. Bg5 h6 8. Bh4 g5
9. Bg3 Nh5 10. d4 Bb6 11. Bxc6 bxc6 12. dxe5 Nxg3 13. hxg3 dxe5 14. Nxe5 Ba6 15.
Qxd8 Raxd8 16. Re1 f5 17. Nxc6 fxe4 18. Nd4 Rxd4 19. cxd4 Bxd4 20. Nc3 Bxf2+ 21.
Kh2 e3 22. Rec1 Rf5 23. g4 Rf4 24. Nd5 Rd4 25. Ne7+ Kf8 26. Nf5 Rxg4 27. Rxc7
Rf4 28. Rc6 Rxf5 29. Rxa6 e2 30. Re6 g4 31. g3 e1=Q 32. Raxe1 Bxe1 33. Rxe1 Rf2+
34. Kg1 Rxb2 35. Re6 Rxa2 36. Rxh6 a5 37. Rg6 Ra4 38. Rg5 Kf7 39. Kf2 Kf6 40.
Rb5 Ke6 41. Ke3 Kd6 42. Rf5 Ra3+ 43. Ke4 a4 44. Ra5 Rxg3 45. Rxa4 Rf3 46. Ra5
Ke6 47. Rg5 1/2-1/2

[Event "3rd HMC Calder Elite 2014"]
[Site "Rosmalen NED"]
[Date "2014.06.28"]
[Round "3.1"]
[White "Bok, Benjamin"]
[Black "Fridman, Daniel"]
[Result "1/2-1/2"]
[WhiteTitle "GM"]
[BlackTitle "GM"]
[WhiteElo "2591"]
[BlackElo "2627"]
[WhiteFideId "1017063"]
[BlackFideId "11600454"]
[EventDate "2014.06.28"]

1. e4 e5 2. Bc4 Nf6 3. d3 c6 4. Nf3 d5 5. Bb3 Bd6 6. exd5 Nxd5 7. O-O O-O 8. Re1
Nd7 9. d4 exd4 10. Bxd5 cxd5 11. Qxd4 Bc5 12. Qd3 Qb6 13. Re2 Nf6 14. Nc3 Bb4
15. Be3 Qa5 16. Bd4 Bxc3 17. Bxc3 Qb6 18. Bxf6 Qxf6 19. Qd4 Qxd4 20. Nxd4 Rd8
21. Re5 Kf8 22. Rae1 f6 23. R5e3 Bd7 24. f3 Rac8 25. Kf2 Rc4 26. c3 a5 27. a3
Rdc8 28. Rd1 b6 29. Rd2 R4c5 30. Ne6+ Bxe6 31. Rxe6 Rb5 32. Rd6 Rcc5 33. Rd7 Rb3
34. Rb7 Rcb5 35. Kg3 Rxb2 36. Rd1 Re2 37. c4 dxc4 38. Rd8+ Re8 39. Rdd7 Rg5+ 40.
Kf2 f5 41. Rxb6 Rc8 42. Rbb7 Rg6 43. Rbc7 Rxc7 44. Rxc7 Rb6 45. Rxc4 Rb3 46. Ra4
Rb5 47. Rc4 Rb3 48. Ra4 Rb5 1/2-1/2

[Event "3rd HMC Calder Elite 2014"]
[Site "Rosmalen NED"]
[Date "2014.06.28"]
[Round "4.1"]
[White "Fridman, Daniel"]
[Black "Kasimdzhanov, Rustam"]
[Result "1-0"]
[WhiteTitle "GM"]
[BlackTitle "GM"]
[WhiteElo "2627"]
[BlackElo "2700"]
[WhiteFideId "11600454"]
[BlackFideId "14200244"]
[EventDate "2014.06.28"]

1. d4 g6 2. c4 Bg7 3. Nf3 e6 4. Nc3 d5 5. Bf4 a6 6. e3 Ne7 7. Rc1 O-O 8. h3 Nbc6
9. Be2 dxc4 10. Bxc4 b6 11. O-O Bb7 12. a3 Qd7 13. Qe2 Nf5 14. d5 exd5 15. Nxd5
Ncd4 16. Nxd4 Nxd4 17. exd4 Bxd5 18. Bxc7 Bxc4 19. Qxc4 Rfc8 20. Qc6 Qxc6 21.
Rxc6 Bxd4 22. b4 b5 23. Rd1 Bb2 24. Rd3 Kg7 25. Rc2 Bf6 26. Rd6 Be5 27. Rdc6
Bxc7 28. Rxc7 Re8 29. R2c3 a5 30. Rf3 Re1+ 31. Kh2 Rf8 32. bxa5 Re6 33. Rb7 Ra6
34. Rxb5 Ra7 35. Rfb3 Rd8 36. Rb7 Rxa5 37. Rf3 Rf8 38. h4 h5 39. g3 Ra4 40. Kg2
Kg8 41. Kf1 Re4 42. Ra7 Kg7 43. a4 Kg8 44. Ra3 Rfe8 45. a5 Kg7 46. a6 R4e6 47.
Rb7 Ra8 48. a7 Ree8 49. Rf3 Rf8 50. Ke2 Rfe8+ 51. Re3 Rf8 52. Ree7 Kf6 53. Ke3
Kg7 54. Kf4 Kf6 55. f3 Kg7 56. Ke4 1-0

[Event "3rd HMC Calder Elite 2014"]
[Site "Rosmalen NED"]
[Date "2014.06.28"]
[Round "5.2"]
[White "Bok, Benjamin"]
[Black "Kasimdzhanov, Rustam"]
[Result "1/2-1/2"]
[WhiteTitle "GM"]
[BlackTitle "GM"]
[WhiteElo "2591"]
[BlackElo "2700"]
[WhiteFideId "1017063"]
[BlackFideId "14200244"]
[EventDate "2014.06.28"]

1. e4 e5 2. Nf3 Nc6 3. Bc4 Nf6 4. d3 Be7 5. O-O O-O 6. Re1 d6 7. c3 Na5 8. Bb5
a6 9. Ba4 b5 10. Bc2 c5 11. Nbd2 Nc6 12. Nf1 Re8 13. h3 Bf8 14. Bg5 h6 15. Bxf6
Qxf6 16. Ne3 Rb8 17. Bb3 Be6 18. a4 b4 19. Bc4 Bxc4 20. Nxc4 Qe6 21. Ne3 Rb7 22.
Nd2 bxc3 23. bxc3 Reb8 24. Ndc4 Be7 25. Qc2 Bg5 26. Nd5 Ne7 27. Nxe7+ Bxe7 28.
Rab1 Qd7 29. Rxb7 Qxb7 30. g3 Qb3 31. Rc1 Qb7 32. h4 h5 33. Qd1 g6 34. Kh2 d5
35. exd5 Qxd5 36. Qe2 Bf6 37. Re1 Rd8 38. Nxe5 Kg7 39. f4 Qb3 40. c4 Qxa4 41. g4
hxg4 42. Nxg4 Bxh4 43. Qe5+ Kh7 44. Re3 Qd1 45. Nf6+ Bxf6 46. Qxf6 Qd2+ 47. Kh1
Qxe3 48. Qxd8 Qxf4 49. Qd5 Qf2 50. d4 cxd4 51. c5 d3 52. Qxd3 Qxc5 53. Qxa6 Qd5+
54. Kg1 Qd4+ 55. Kh1 Kg7 56. Qe2 Qd5+ 57. Kg1 Qg5+ 58. Kf1 Qf4+ 59. Kg2 Qd4 60.
Qe1 g5 61. Qb1 Qg4+ 62. Kh2 Qe6 63. Qb2+ Kg6 64. Qc2+ f5 65. Qb2 Kh5 66. Qh8+
Kg4 67. Qh3+ Kf4 68. Qg3+ Ke4 69. Qxg5 Qd6+ 70. Kg2 f4 71. Qg4 Qd2+ 72. Kf1 Qc1+
73. Ke2 Qb2+ 74. Ke1 Qb1+ 75. Ke2 Qa2+ 76. Kf1 Ke3 77. Qh3+ f3 78. Qh6+ 1/2-1/2

[Event "3rd HMC Calder Elite 2014"]
[Site "Rosmalen NED"]
[Date "2014.06.28"]
[Round "6.1"]
[White "Fridman, Daniel"]
[Black "Bok, Benjamin"]
[Result "0-1"]
[WhiteTitle "GM"]
[BlackTitle "GM"]
[WhiteElo "2627"]
[BlackElo "2591"]
[WhiteFideId "11600454"]
[BlackFideId "1017063"]
[EventDate "2014.06.28"]

1. d4 Nf6 2. c4 g6 3. Nc3 d5 4. Nf3 Bg7 5. h4 dxc4 6. e4 O-O 7. Bxc4 c5 8. d5 b5
9. Bd3 c4 10. Bc2 b4 11. Ne2 e6 12. Nf4 exd5 13. e5 Ng4 14. Qxd5 Qb6 15. O-O Bb7
16. Qxc4 Ba6 17. Qe4 Bxf1 18. Nh3 Nc6 19. Qxg4 Be2 20. e6 Ne5 21. Qe4 Bxf3 22.
gxf3 Qxe6 23. Nf4 Qc4 24. Kg2 Rac8 25. Bb3 Qxe4 26. fxe4 Nc4 27. Nd5 Rfe8 28.
Bg5 Kf8 29. Nf6 Re6 30. Nxh7+ Kg8 31. Rc1 Rec6 32. Nf6+ Bxf6 33. Bxf6 Ne3+ 34.
fxe3 Rxc1 35. Bd4 a5 36. Bb6 R1c2+ 37. Kf3 a4 38. Bxa4 Rxb2 39. Bb3 Rxb3 40.
axb3 Rc3 41. Ke2 Rxb3 42. Kd2 Rc3 43. Ba5 Rc4 44. Kd3 b3 45. Bc3 Rc8 0-1

[Event "3rd HMC Calder Elite 2014"]
[Site "Rosmalen NED"]
[Date "2014.06.28"]
[Round "7.1"]
[White "Kasimdzhanov, Rustam"]
[Black "Fridman, Daniel"]
[Result "0-1"]
[WhiteTitle "GM"]
[BlackTitle "GM"]
[WhiteElo "2700"]
[BlackElo "2627"]
[WhiteFideId "14200244"]
[BlackFideId "11600454"]
[EventDate "2014.06.28"]

1. e4 e5 2. Nf3 Nf6 3. d3 Nc6 4. c3 g6 5. b4 d6 6. Be2 Bg7 7. O-O O-O 8. Bb2 Nh5
9. Re1 Nf4 10. Bf1 f5 11. Nbd2 g5 12. g3 fxe4 13. Nxe4 Ne6 14. b5 Nb8 15. c4 Nd7
16. Bg2 g4 17. Nfd2 Nf6 18. Rc1 a6 19. Nxf6+ Qxf6 20. Ne4 Qg6 21. b6 Bd7 22.
bxc7 Nxc7 23. Ba3 Bc6 24. Bxd6 Bxe4 25. dxe4 Rad8 26. c5 Nb5 27. Qd5+ Rf7 28.
Red1 Qf6 29. Rc2 Bf8 30. Rf1 Bxd6 31. cxd6 Rxd6 32. Qb3 Nd4 33. Rc8+ Kg7 34. Qe3
Qh6 35. Qxh6+ Rxh6 36. Rc5 Re7 37. f4 exf4 38. Rg5+ Rg6 39. Rxg6+ hxg6 40. gxf4
Ne2+ 41. Kh1 Rf7 42. f5 gxf5 43. exf5 Kf6 44. Bd5 Rh7 45. Kg2 Rd7 46. Be6 Rd2
47. Kf2 Nc3+ 48. Ke3 Rxh2 49. Rg1 Rh3+ 50. Kd2 Ne4+ 51. Ke2 Rg3 52. Rc1 Rc3 53.
Rd1 g3 54. Rd7 Ke5 55. Rg7 Kf4 56. Bd5 Rc2+ 57. Ke1 Nc3 0-1

[Event "3rd HMC Calder Elite 2014"]
[Site "Rosmalen NED"]
[Date "2014.06.28"]
[Round "8.2"]
[White "Kasimdzhanov, Rustam"]
[Black "Bok, Benjamin"]
[Result "1/2-1/2"]
[WhiteTitle "GM"]
[BlackTitle "GM"]
[WhiteElo "2700"]
[BlackElo "2591"]
[WhiteFideId "14200244"]
[BlackFideId "1017063"]
[EventDate "2014.06.28"]

1. g3 d5 2. Bg2 g6 3. c4 c6 4. Qa4 Nd7 5. cxd5 Nb6 6. Qb3 cxd5 7. Nf3 Bg7 8. O-O
Nf6 9. d3 O-O 10. Bf4 Nh5 11. Bd2 h6 12. a4 d4 13. a5 Be6 14. Qd1 Nd7 15. Na3
Bd5 16. Nc2 Nc5 17. Bb4 Rc8 18. Bxc5 Rxc5 19. Nb4 Be6 20. Qa4 a6 21. Nc2 Bd7 22.
Qb3 Be6 23. Qa4 Bd7 24. Qb3 Be6 25. Qa4 Bd7 1/2-1/2

[Event "3rd HMC Calder Elite 2014"]
[Site "Rosmalen NED"]
[Date "2014.06.28"]
[Round "9.1"]
[White "Bok, Benjamin"]
[Black "Fridman, Daniel"]
[Result "1-0"]
[WhiteTitle "GM"]
[BlackTitle "GM"]
[WhiteElo "2591"]
[BlackElo "2627"]
[WhiteFideId "1017063"]
[BlackFideId "11600454"]
[EventDate "2014.06.28"]

1. e4 e6 2. d4 d5 3. Nd2 c5 4. Ngf3 cxd4 5. Nxd4 Nf6 6. exd5 Qxd5 7. Nb5 Na6 8.
Nc3 Qd6 9. a3 Bd7 10. Qf3 Bc6 11. Qg3 Qxg3 12. hxg3 Nc7 13. Nc4 Ncd5 14. Bd2
Nxc3 15. Bxc3 Ne4 16. Bd4 Bc5 17. Bxc5 Nxc5 18. b4 Ne4 19. Bd3 Nf6 20. f3 Ke7
21. Na5 Rac8 22. Nxc6+ Rxc6 23. O-O-O Rc3 24. Kb2 Rhc8 25. Rd2 h6 26. Rhd1 R8c7
27. Bb5 Nd5 28. Ba4 Re3 29. Bb3 Nc3 30. Rh1 b6 31. a4 f5 32. Rh4 Re1 33. Rhd4
Ne2 34. Rd6 Nxg3 35. a5 bxa5 36. bxa5 Nf1 37. R2d3 Ne3 38. Rxe6+ 1-0

[Event "3rd HMC Calder Elite 2014"]
[Site "Rosmalen NED"]
[Date "2014.06.28"]
[Round "10.1"]
[White "Fridman, Daniel"]
[Black "Kasimdzhanov, Rustam"]
[Result "1-0"]
[WhiteTitle "GM"]
[BlackTitle "GM"]
[WhiteElo "2627"]
[BlackElo "2700"]
[WhiteFideId "11600454"]
[BlackFideId "14200244"]
[EventDate "2014.06.28"]

1. d4 Nf6 2. c4 e6 3. Nc3 Bb4 4. Qc2 O-O 5. e4 d6 6. e5 dxe5 7. dxe5 Ng4 8. Nf3
Nc6 9. a3 Be7 10. Bf4 f6 11. Bd3 f5 12. h3 Nh6 13. O-O-O Nd4 14. Nxd4 Qxd4 15.
g3 Qc5 16. Qd2 Nf7 17. Rhe1 Rd8 18. h4 a5 19. Qc2 Qc6 20. Qe2 g6 21. Bc2 Rxd1+
22. Rxd1 Qe8 23. Nb5 Bd8 24. Qd2 Kg7 25. Bh6+ Kg8 26. Ba4 Rb8 27. b3 Be7 28.
Nxc7 Bxa3+ 29. Kb1 Qe7 30. Ne8 Bb4 31. Nf6+ Kh8 32. Qf4 Bc3 33. Bg5 Qa3 34. Qc1
Qxc1+ 35. Kxc1 1-0

[Event "3rd HMC Calder Elite 2014"]
[Site "Rosmalen NED"]
[Date "2014.06.28"]
[Round "11.2"]
[White "Bok, Benjamin"]
[Black "Kasimdzhanov, Rustam"]
[Result "1/2-1/2"]
[WhiteTitle "GM"]
[BlackTitle "GM"]
[WhiteElo "2591"]
[BlackElo "2700"]
[WhiteFideId "1017063"]
[BlackFideId "14200244"]
[EventDate "2014.06.28"]

1. e4 e5 2. Nf3 Nc6 3. Bc4 Nf6 4. Ng5 d5 5. exd5 Na5 6. Bb5+ c6 7. dxc6 bxc6 8.
Bd3 Nd5 9. Nf3 Nf4 10. O-O Bd6 11. Re1 Nxd3 12. cxd3 O-O 13. Nxe5 Qc7 14. d4 c5
15. d3 cxd4 16. Nf3 Nc6 17. Nbd2 Bg4 18. h3 Bh5 19. Ne4 Be7 20. Bd2 Rab8 21. Rc1
Qd7 22. b3 Rfc8 23. Rc4 f6 24. Nc5 Qd5 25. Ne6 Bxf3 26. Qxf3 Qxf3 27. gxf3 Ne5
28. Rxc8+ Rxc8 29. Nxd4 Bf8 30. Be3 Nxd3 31. Rd1 Nb4 32. Ne6 Nxa2 33. Nxf8 Kxf8
34. Ra1 Nb4 35. Rxa7 Nd5 36. Rb7 Rc3 37. b4 Nxe3 38. fxe3 Rxe3 39. Kf2 Rb3 40.
b5 h5 41. b6 Kg8 42. h4 Kh7 43. Kg3 Kg6 44. Kf2 Rb4 45. Kg3 Rb3 46. Kf2 Rb4 47.
Kg3 1/2-1/2

[Event "3rd HMC Calder Elite 2014"]
[Site "Rosmalen NED"]
[Date "2014.06.28"]
[Round "12.1"]
[White "Fridman, Daniel"]
[Black "Bok, Benjamin"]
[Result "0-1"]
[WhiteTitle "GM"]
[BlackTitle "GM"]
[WhiteElo "2627"]
[BlackElo "2591"]
[WhiteFideId "11600454"]
[BlackFideId "1017063"]
[EventDate "2014.06.28"]

1. d4 Nf6 2. c4 g6 3. Nc3 d5 4. cxd5 Nxd5 5. Bd2 Nb6 6. Nf3 Bg7 7. Bg5 c5 8.
dxc5 Bxc3+ 9. bxc3 Qxd1+ 10. Rxd1 Na4 11. Be3 f6 12. Nd4 Bd7 13. c4 Nxc5 14. Nb5
Ne6 15. g3 Bc6 16. f3 a6 17. Nc3 Nd7 18. Nd5 Kf7 19. Nb6 Nxb6 20. Bxb6 Rac8 21.
e4 Ba4 22. Rb1 g5 23. Kf2 g4 24. f4 Bc2 25. Re1 Rc6 26. Ba5 Nc5 27. e5 Nd3+ 28.
Bxd3 Bxd3 29. exf6 exf6 30. Bb4 Rxc4 31. Re7+ Kg6 32. a3 Rc2+ 33. Ke3 Rd8 34.
Bd2 Bb5 35. f5+ Kxf5 0-1